Stacje i przystanki osobowe PKP PLK w podlaskim - Statystyki

Ogólne statystyki
  • Ten quiz został rozwiązany 6 razy
  • Średni wynik to 30 z 95
Statystyki odpowiedzi
Stacja % Poprawnych
Augustów
100%
Białystok
100%
Hajnówka
100%
Łapy
100%
Mońki
100%
Suwałki
100%
Białystok Starosielce
80%
Bielsk Podlaski
80%
Czarna Białostocka
80%
Czeremcha
80%
Czyżew
80%
Dąbrowa Białostocka
80%
Grajewo
80%
Kuźnica Białostocka
80%
Siemiatycze
80%
Sokółka
80%
Szepietowo
80%
Trakiszki
80%
Augustów Port
60%
Białystok Nowe Miasto
60%
Białystok Stadion
60%
Białystok Zielone Wzgórza
60%
Knyszyn
60%
Łapy Osse
60%
Osowiec
60%
Śniadowo
60%
Białystok Bacieczki
40%
Czarny Blok
40%
Fasty
40%
Klepacze
40%
Lewickie
40%
Nurzec
40%
Racibory
40%
Wasilków
40%
Witowo
40%
Baciuty
20%
Bojary
20%
Borsukówka
20%
Czechowizna
20%
Dąbrowa-Łazy
20%
Dobrzyniewo Duże
20%
Geniusze
20%
Goniądz
20%
Hołówki Duże
20%
Hryniewicze
20%
Jabłoń Kościelna
20%
Kity
20%
Kleszczele
20%
Kulesze Kościelne
20%
Lewki
20%
Machnacz
20%
Niewodnica
20%
Orlanka
20%
Płociczno koło Suwałk
20%
Podlasek
20%
Różanystok
20%
Ruda
20%
Sidra
20%
Sokoły
20%
Strabla
20%
Sycze
20%
Szymbory
20%
Trypucie
20%
Uhowo
20%
Wólka Ratowiecka
20%
Zdrody Nowe
20%
Zimnochy
20%
Balinka
0%
Blizna
0%
Borowiki
0%
Chytra
0%
Czuprynowo
0%
Dobrowoda
0%
Gliniszcze
0%
Gregorowce
0%
Gregorowce Południowe
0%
Jastrzębna
0%
Kamienna Nowa
0%
Kundzin
0%
Mikłasze
0%
Morze
0%
Nowy Nurzec
0%
Orzechowicze
0%
Orzeszkowo
0%
Ostrowie Biebrzańskie
0%
Podbiele
0%
Policzna
0%
Racewo
0%
Rajsk
0%
Repczyce
0%
Rozedranka
0%
Stare Berezowo
0%
Suchowolce
0%
Szczepki
0%
Zastocze
0%
Nie znaleziono quizów pasujących do podanych kryteriów
Rozkład punktacji
Procent ludzi z każdym wynikiem
Percentyl według liczby udzielonych odpowiedzi
Twoja historia wyników
Nie rozwiązałeś tego quizu